| 000 | 00817cam a2200229 a 4500 | ||
|---|---|---|---|
| 001 | 000015138 | ||
| 005 | 20200929163951.0 | ||
| 008 | 720522s1961 nyu 000 0 eng d | ||
| 035 | _a(DLC) 54013027 | ||
| 035 | _a(OCoLC)313283 | ||
| 040 |
_aDO-SdBNP _bspa _cBNPHU _dOCoLC _dDLC |
||
| 082 |
_a272.2946 _bL433i |
||
| 100 | 1 |
_aLea, Henry Charles, _d1825-1909. _934246 |
|
| 245 | 1 | 4 |
_aThe Inquisition of the Middle Ages : _bits organization and operation / _cHenry Charles Lea. |
| 260 |
_aNew York : _bCitadel Press, _c1961. |
||
| 300 |
_a260 p. ; _c22 cm. |
||
| 500 | _aConsta de 8 capítulos del autor de Historia de la Inquisición de la Edad Media, publicado en 1887. | ||
| 650 | 4 |
_aInquisición _xEspaña _934247 |
|
| 650 | 4 |
_aEspaña _yEDAD MEDIA _934248 |
|
| 910 | _aCatalogación por copia / LC | ||
| 049 | _aBNGR | ||
| 999 |
_c14710 _d14710 |
||